000 01273nam0a22002771 4500
001 rc\3383925
005 20130115154011.4
021 _aRU
_b[70-6509]
035 _a(NLR Aleph) 007535677
090 _a7768671
_c7768671
100 _a20130115d1969 |||y0rusy50 ca
101 0 _arus
102 _aRU
105 _ay z |||||
200 1 _aПодсчет экономии от внедрения изобретений и рационализаторских предложений
_fО-во "Знание" УССР. Киевский дом науч.-техн. пропаганды. Заоч. семинар "Правовые и экон. вопросы изобретательства на предприятиях и в организациях"
210 _aКиев
_cБ. и.
_d1969
215 _a38 с.
_d20
300 _aНа обл. авт. не указан
320 _aБиблиогр.: с. 36-38 (19 назв.)
606 _aИзобретательство и рационализация
_xЭкономия от внедрения предложений
_2psbo
700 1 _aАлатырев
_bА. К.
_gАнатолий Кузьмич
801 0 _aRU
_bNLR
_gpsbo
801 1 _aRU
_bELAR
_2rusmarc
852 _aNLR
_j69-4/36302
942 _cBOOK
980 _aNB